00492 2200193 4500001002100000005001500021008004100036020002200077035001900099041000700118082001000125090001600135100001900151700001900170245001900189260004100208300003900249650001000288INLIS00000000000550120241224113118241224||||||||| | ||| |||| || |  a978-979-27-2606-0 0010-1224005501 aid0 a741.3 a741.3 KEI c0 aSUZUKI KEIICHI0 aAulia Gusmanty00aCop In Tokyo 2 aJakartabElex Media Komputindoc2008 a17,5x11,5 cm, iv, 188 hlm.; ilus.: 0aKomik